000 00410nam a2200145Ia 4500
008 231221s9999 xx 000 0 und d
041 _aEnglish
100 _aAmerican Hotel and Lodging Educational Institute
245 0 _aEconomy Operations: at your service plus
260 _bAH&LEI
_aLansing MI
300 _a25 minutes
440 _aFront Office Skills Series
650 _aQuality,Guest
942 _cCD
999 _c208704
_d208704